| 000 | 00733cam a2200229 a 4500 | ||
|---|---|---|---|
| 001 | 000004731 | ||
| 005 | 20200929151507.0 | ||
| 008 | 830910s1961 sp 000 0 spa | ||
| 040 |
_aDO-SdBNP _bspa _cBNPHU |
||
| 041 | 1 | 7 |
_aspa _hfre |
| 082 |
_a843.5 _bC846a |
||
| 100 | 1 |
_aCotte, Jean Louis, _d1923- _913763 |
|
| 240 | 1 | 4 |
_aLes Jeux de Solitude. _lEspañol |
| 245 | 1 | 0 |
_aAmbición y sacrificio : _bnovela / _cJean Louis Cotte ; traductor, Enrique de Juan. |
| 260 |
_aBarcelona : _bPlaneta, _c1961. |
||
| 300 |
_a355 p. ; _c19 cm. |
||
| 440 | 0 |
_aLuyve _910547 |
|
| 534 |
_aTítulo original: _tLes Jeux de Solitude |
||
| 650 | 4 |
_aNovela francesa _91075 |
|
| 650 | 4 |
_aLiteratura francesa _91074 |
|
| 700 | 1 |
_aJuan, Enrique de, _etr. _913764 |
|
| 999 |
_c4537 _d4537 |
||